1892 1810 1578 1701 1586 1151 1307 1752 1075 1122 1806 1700 1818 1919 1964 1605 1798 1158 1579 1524 1971 1856 1842 1316 1915 1684 1997 1001 1688 1998 1291 1506 1017 1464 1524 1762 1664 1772 1225 1422 1526 1860 1489 1337 1782 1828 1938 1161 1999 1552 1614 1016 1931 1783 1877 1295 1309 1926 1016 1975 1597 1871 1137 1490 1658 1659 1355 1549 1464 1441 1536 1743 1891 1644 1931 1704 1421 1061 1607 1695 1593 1537 1028 1234 1418 1833 1411 1800 1243 1209 1061 1700 1488 1040 1312 1359 1087 1853 1982 BCNSPRNW ULIB Ver.6.0+V

เปลี่ยนเป็นภาษาไทย

Change to English
 แสดงรายละเอียดบรรณานุกรม
  กลับหน้าหลัก

Brief Record : Get Marc (ISO 2709) : E-mail record : QR code < ปิดหน้าต่าง
LEADER : 00000nam 2200000uu 4500
001    13399113840
003     ULIB
008    120110s||||||||th 000 0 tha d
099    วจ.WM172^bต173ค
100 0  ตริตาภรณ์ สร้อยสังวาลย์
245 00 ความเครียดและความมีคุณค่าในตนเองของนักศึกษาพยาบาลศาสตร์บัณฑิต/^cตริตาภรณ์ สร้อยสังวาลย์
260    ราชบุรี :^bวิทยาลัยพยาบาลบรมราชชนนี จักรีรัช,^c2554
300    72 หน้า :^bตาราง
500    รายงานการวิจัย
650  7 ความเครียด^xวิจัย
710 1  วิทยาลัยพยาบาลบรมราชชนนี จักรีรัช
945    ^p0^l0^i030910
995    ทศพร
999 ^a ทศพร
รายการนี้ยังไม่มีแท็ก
คุณยังไม่ได้ล็อกอิน คุณสามารถมีกิจกรรมร่วมกับเว็บไซต์ได้ แต่ต้องล็อกอินก่อน ::
  ล็อกอิน

รายการสื่อสารสนเทศ

ลำดับที่ ประเภท เลขเรียก/บาร์โค้ด สถานที่ สถานะ
1. งานวิจัย
งานวิจัย
วจ.WM172 ต173ค ฉ.1 
  Barcode: 030910
ห้องสมุดวิทยาเขตสวรรค์ประชารักษ์
►วิจัย
บนชั้น

BibComment


ยังไม่เคยถูกคอมเมนท์

คอมเมนท์ทรัพยากรรายการนี้
  คอมเมนท์: ความเครียดและความ..


 Copyright 2026. Bcnsprnw @Library